| 000 | 00530nam a2200169 4500 | ||
|---|---|---|---|
| 001 | 122917 | ||
| 003 | ES-MaACL | ||
| 005 | 20230906192052.0 | ||
| 007 | t| | ||
| 008 | 070214s1969 sp r ||||0| spa d | ||
| 100 | 1 |
_aPullini, Giorgio. _994384 |
|
| 245 | 1 | 3 |
_aLa novela italiana de la posguerra _b: 1940-1965 / _cGiorgio Pullini ; traducción de José Miguel Velloso. |
| 260 |
_aMadrid : _bGuadarrama, _c1969. |
||
| 300 |
_a459 p ; _c18 cm. |
||
| 700 | 1 |
_aVelloso, José Miguel. _9113857 |
|
| 852 |
_aES-MaACL _jC-40594 _bR.72564 |
||
| 999 |
_c122917 _d122917 |
||